000 00700cam a22002411i 4500
001 8874825
003 GBCCL
005 20241126110411.0
008 780530s1957 tnu 000 0 eng
010 _a 57020156
035 _a(OCoLC)3936712
040 _aDLC
_cTCollSM
_dDLC
042 _apremarc
050 0 0 _aHV5060
_b.H44
082 _a261.83
_bHEA
100 1 _aHearn, C. Aubrey
_q(Charles Aubrey),
_d1907-1991.
_93884
245 1 0 _aAlcohol and Christian influence /
_cC. Aubrey Hearn.
260 _aNashville :
_bConvention Press,
_cc1957.
300 _a138 p. :
_bill. ;
_c20 cm.
650 0 _aTemperance.
_92552
906 _a7
_bcbc
_coclcrpl
_du
_encip
_f19
_gy-gencatlg
942 _2ddc
_cBK
_06
999 _c1860
_d1860